Čo máme vedieť o bezpečnosti pri práci : bezpečnostné pokyny novoprijatým zamestnancom /

Uložené v:
Podrobná bibliografia
Hlavný autor: Damé, Alexander (Author)
Médium: Kniha
Jazyk:Slovak
Vydané: Bratislava : Práca, 1962.
Vydanie:2. preprac. a dopl. vyd.
Edícia:Knižnica bezpečnosti pri práci zv. 7/62
ISBN: (brož.)
Fyzický popis: 290 s.
Tagy: Pridať tag
Žiadne tagy, Buďte prvý kto otaguje tento záznam!

MARC

LEADER 00000nam a22000004a 4500
001 000436813
005 20130925162818.0
008 130728s1962 xo e 000 0 slo d
020 |a (brož.)  |c Kčs 6,40 
040 |a SVKKK  |b slo  |c SVKKK  |e AACR2 
041 0 |a slo 
044 |a xo  |c SK 
245 0 0 |a Čo máme vedieť o bezpečnosti pri práci :  |b bezpečnostné pokyny novoprijatým zamestnancom /  |c Alexander Damé ... [et al.]. 
250 |a 2. preprac. a dopl. vyd. 
260 |a Bratislava :  |b Práca,  |c 1962. 
300 |a 290 s. 
490 1 |a Knižnica bezpečnosti pri práci  |v zv. 7/62 
700 1 |a Damé, Alexander  |4 aut 
830 0 |a Knižnica bezpečnosti pri práci  |v zv. 7/62 
910 |a svkkk 
998 |a BK 
090 |g SCKHL  |k Sklad Pribinova prízemie  |a I.18011  |j 298511  |i 2720313778  |s Absenčne 
090 |g SCKHL  |k Sklad Pribinova prízemie  |a I0.918  |j 010999  |i 2720464177  |s Absenčne